| 000 | 00497nam a2200193Ia 4500 | ||
|---|---|---|---|
| 008 | 210210b2012 xxu||||| |||| 00| 0 eng d | ||
| 041 | _aeng | ||
| 082 | _a327.076 SHAN | ||
| 100 | _aSHARMA (U) | ||
| 245 | _aNarains international relations: 1914 to present day Rev Ed 7 | ||
| 250 | _a | ||
| 260 |
_aAgra _bLakshmi Narain Agarwal _c2012 |
||
| 300 | _aiv,650 | ||
| 650 | _arelations | ||
| 650 | _aNarains | ||
| 650 | _ainternational | ||
| 690 | _aInternational Relations | ||
| 906 | _a066632 | ||
| 999 |
_c149118 _d149118 |
||